Presentes-pasados del 68 mexicano: una historización de las memorias públicas del movimiento estudiantil, 1968-2007 /

Se estudian las memorias sobre 1968 en el espacio público mexicano en los últimos cuarenta años. Se analiza en qué presente se narra, se recuerda y cuál es el pasado recuperado; para ello las memorias públicas son historizadas desde los distintos presentes políticos desde los cuales son enunciadas....

Ausführliche Beschreibung

Gespeichert in:
Bibliographische Detailangaben
1. Verfasser: Allier Montaño, Eugenia
Format: Text
Schlagworte:
Tags: Tag hinzufügen
Keine Tags, Fügen Sie den ersten Tag hinzu!

MARC

LEADER 00000 a a2200000 04500
001 16590
003
040
100 |a Allier Montaño, Eugenia  
245 |a Presentes-pasados del 68 mexicano:   |b una historización de las memorias públicas del movimiento estudiantil, 1968-2007 /  |c Eugenia Allier Montaño 
520 |a Se estudian las memorias sobre 1968 en el espacio público mexicano en los últimos cuarenta años. Se analiza en qué presente se narra, se recuerda y cuál es el pasado recuperado; para ello las memorias públicas son historizadas desde los distintos presentes políticos desde los cuales son enunciadas. Se concluye que dicho evento se ha interiorizado en varios tipos de memorias, que son excluyentes y selectivas entre sí: memoria de denuncia de la represión habida, memoria de elogio del movimiento, memoria espiritual o cósmica, etc.  
590 |a EFU/MAYO2011  
650 |a MOVIMIENTOS ESTUDIANTILES  
650 |a MEXICO  
650 |a MEMORIA  
650 |a HISTORIA  
650 |a ANALISIS HISTORICO  
650 |a DEMOCRACIA  
650 |a REPRESION  
773 |g volumen 71, número 2; páginas 287-317  
999 |c 39864  |d 39864